000 00711nam a2200253Ia 4500
003 OSt
005 20221005071403.0
006 a|||||r|||| 00| 0
007 ta
008 221004b |||||||| |||| 00| 0 eng d
024 _a44326
037 _cTextual
040 _aCRL
_cCRL
_beng
041 _2eng
_aeng
082 _aO157,M20w, 111L5
100 _aMitra Subai Chandra
_9606401
245 0 _aIsvar Chandra Vidyasagar
_b A story of his life and work
260 _aNew Delhi
_bAshish
_c1975
300 _a675p
_ccm.
650 _a ENGLISH LITERATURE
650 _aBENGALI LITERATURE
942 _hO157,M20w, 111L5
_cTEXL
_2cc
999 _c977743
_d977743